Gender and statebuilding in fragile and conflict-affected states

Salvato in:
Dettagli Bibliografici
Natura: Libro
Lingua:inglese
Pubblicazione: Paris OECD 2013
Serie:Conflict and fragility
Soggetti:
Tags: Aggiungi Tag
Nessun Tag, puoi essere il primo ad aggiungerne!!

MARC

LEADER 00000nam$a2200000$$$4500
001 0185620
005 20240315120648.6
020 |a 978-92-64-20211-5 
041 0 |a eng 
044 |a FR 
245 1 0 |a Gender and statebuilding in fragile and conflict-affected states 
264 1 |a Paris  |b OECD  |c 2013 
300 |a 87 s. 
490 1 |a Conflict and fragility 
830 0 |a Conflict and fragility 
610 2 0 |a krajiny rozvojové 
610 2 0 |a konflikty 
610 2 0 |a kriminalita 
610 2 0 |a muži 
610 2 0 |a ženy 
610 2 0 |a diskriminácia 
610 2 0 |a zákony 
610 2 0 |a štát 
610 2 0 |a rovnoprávnosť 
610 2 0 |a rovnosť rodová 
610 2 0 |a pomoc medzinárodná